000 00839nam a22003017a 4500
001 BR6800626
003 BR-BrBNA
005 20230928083524.0
007 ta
008 230509b bl.||||| |||| 00| 0 por d
040 _aBR-BrBNA
_bpor
_cBiblioteca Nacional de Agricultura
041 _a(Por)
072 _aM10
_b8100
_b/G514
090 _ 8100 BR6800626
100 1 _aPaiva, M.P.
110 1 _aFAO, Rio de Janeiro, GB (Brasil)
_94530
245 1 _aSobre os recursos pesqueiros do estado do Ceara [Brasil]
_bCARPAS/4/Doc. Tec. 27
260 3 _aRio de Janeiro, GB (Brasil):
_c1968.
300 _a8 p.
500 _a6 tables
650 _aPESCA CONTINENTAL
650 _aPESCA MARINHA
650 _aESTATISTICA DE PRODUCAO
650 _aEXPORTACAO
650 _aCEARA
909 _a202309
_bLucia
_c55
_dLucia Elande
942 _cBK
999 _c13948
_d13948